Information Technology Applications International Journal of Information Technology Applications

Salvato in:
Dettagli Bibliografici
Natura: Periodico
Lingua:inglese
Pubblicazione: Bratislava Paneurópska vysoká škola 2023
Tags: Aggiungi Tag
Nessun Tag, puoi essere il primo ad aggiungerne!!

MARC

LEADER 00000nas2a2200000 4500
001 0308091
005 20250410125338.0
022 |a 2453-7497 
041 0 |a eng 
044 |a SK 
245 1 0 |a Information Technology Applications  |b International Journal of Information Technology Applications 
264 1 |a Bratislava  |b Paneurópska vysoká škola  |c 2023 
773 0 |w eu_un_cat*0149160